[Event "6. Lovsprings EMT Mesterklassen 1994"]
[Site "Ringsted"]
[Date "1994.04.24"]
[Round "4"]
[White "Jorgensen, Brian"]
[Black "Carstensen, Jacob"]
[Result "1-0"]
[WhiteElo "2193"]
[BlackElo "2027"]
[PlyCount "43"]
[EventDate "1994.??.??"]

1. Nf3 e6 2. c4 f5 3. g3 Nf6 4. Bg2 d5 5. O-O c6 6. b3 Be7 7. d3 Nbd7 8. Bb2
Bd6 9. Nbd2 O-O 10. Qc2 Qe8 11. e4 fxe4 12. dxe4 Qh5 13. Rae1 Ng4 14. h3 Nge5
15. Nxe5 Nxe5 16. Qc3 Qf7 17. exd5 exd5 18. cxd5 cxd5 19. Rxe5 Bxe5 20. Qxe5
Rd8 21. Nf3 Re8 22. Qd4 1-0

[Event "6. Lovsprings EMT Mesterklassen 1994"]
[Site "Ringsted"]
[Date "1994.04.24"]
[Round "4"]
[White "Christensen, Lars (1957)"]
[Black "Arnkilde, Anders"]
[Result "0-1"]
[WhiteElo "2104"]
[BlackElo "1955"]
[PlyCount "74"]
[EventDate "1994.??.??"]

1. e4 e5 2. f4 Bc5 3. Nf3 d6 4. b4 Bxb4 5. Bb2 f6 6. Bc4 Qe7 7. c3 Bc5 8. Qe2
Be6 9. Bxe6 Qxe6 10. d4 Bb6 11. fxe5 dxe5 12. O-O Nd7 13. Nbd2 c6 14. Nc4 Bc7
15. Rad1 Nb6 16. Na5 O-O-O 17. Ba1 Nd7 18. Nc4 Ne7 19. a4 Nb6 20. Nxb6+ Bxb6
21. Kh1 Rhe8 22. Rb1 Ng6 23. Qb2 Rd7 24. a5 Bxa5 25. Qa3 Bb6 26. Nd2 exd4 27.
cxd4 Ne5 28. Rfc1 Qd6 29. Rb4 Ng4 30. e5 fxe5 31. Nc4 Qh6 32. h3 exd4 33. Nxb6+
axb6 34. Rcb1 Nf2+ 35. Kg1 Qe3 36. R4b3 d3 37. Rxb6 Ng4+ 0-1

[Event "6. Lovsprings EMT Mesterklassen 1994"]
[Site "Ringsted"]
[Date "1994.04.24"]
[Round "4"]
[White "Nielsen, Per Henrik Axel"]
[Black "Madsen, Hans Henrik"]
[Result "0-1"]
[WhiteElo "1957"]
[BlackElo "2121"]
[PlyCount "52"]
[EventDate "1994.??.??"]

1. e4 c5 2. b4 cxb4 3. Bc4 e6 4. Qe2 Nc6 5. Bb2 Nf6 6. e5 Nd5 7. Bxd5 exd5 8.
Nh3 Qh4 9. d3 Be7 10. a3 O-O 11. axb4 d6 12. Nc3 Bg4 13. Qd2 Bxh3 14. gxh3 Nd4
15. Kd1 Nf3 16. Qe2 Qxh3 17. Nxd5 Bg5 18. Nc7 Rad8 19. Rxa7 dxe5 20. Rxb7 e4
21. b5 exd3 22. cxd3 Qg2 23. Rf1 Nxh2 24. Re1 Qxb7 25. Qe5 Qf3+ 26. Kc2 Qxd3#
0-1

[Event "6. Lovsprings EMT Mesterklassen 1994"]
[Site "Ringsted"]
[Date "1994.04.24"]
[Round "4"]
[White "Larsen, Soren Dyberg"]
[Black "Buhl, Poul"]
[Result "1-0"]
[WhiteElo "1912"]
[BlackElo "2012"]
[PlyCount "105"]
[EventDate "1994.??.??"]

1. e4 c5 2. Nc3 Nc6 3. g3 g6 4. Bg2 Bg7 5. d3 Nf6 6. Nge2 O-O 7. O-O e6 8. Kh1
a6 9. Be3 d6 10. f4 Qc7 11. a4 Rb8 12. Qd2 d5 13. exd5 Ne7 14. dxe6 Bxe6 15.
Rab1 Nf5 16. Bg1 Rbd8 17. Qc1 Rfe8 18. Ne4 Nxe4 19. dxe4 Ba2 20. Ra1 Bc4 21.
Re1 Qd7 22. Nc3 Bxc3 23. bxc3 Nh6 24. f5 Qd2 25. Qxd2 Rxd2 26. Be3 Rxc2 27.
Bxh6 Rxc3 28. Rac1 Rxc1 29. Rxc1 b5 30. f6 Rc8 31. Kg1 Be6 32. Be3 c4 33. axb5
axb5 34. Bd2 h5 35. Bb4 Kh7 36. Kf2 Ra8 37. Rc2 g5 38. e5 Ra4 39. Rb2 Kg6 40.
Be4+ Bf5 41. Bxf5+ Kxf5 42. Bd6 c3 43. Rxb5 Ra2+ 44. Ke3 g4 45. Rc5 Rxh2 46.
Rxc3 h4 47. gxh4 Rh3+ 48. Kd2 Rxh4 49. Ke2 Rh2+ 50. Kf1 Ra2 51. Re3 Kf4 52. Re2
Ra1+ 53. Kg2 1-0

[Event "6. Lovsprings EMT Mesterklassen 1994"]
[Site "Ringsted"]
[Date "1994.05.01"]
[Round "5"]
[White "Pedersen, Hans Dahl"]
[Black "Nielsen, Max"]
[Result "1/2-1/2"]
[WhiteElo "2197"]
[BlackElo "2086"]
[PlyCount "50"]
[EventDate "1994.??.??"]

1. d4 Nf6 2. c4 g6 3. Nc3 Bg7 4. g3 O-O 5. Bg2 d6 6. e3 Nc6 7. Nge2 a6 8. b3
Rb8 9. O-O Na5 10. Bb2 b5 11. cxb5 axb5 12. d5 e5 13. Qd2 b4 14. Nd1 Ba6 15.
Re1 h5 16. e4 Ng4 17. h3 Nh6 18. Ne3 f5 19. exf5 gxf5 20. Nc2 Bxe2 21. Rxe2 f4
22. Be4 Qd7 23. Kh2 h4 24. gxf4 Rxf4 25. Rg1 Rbf8 1/2-1/2

[Event "6. Lovsprings EMT Mesterklassen 1994"]
[Site "Ringsted"]
[Date "1994.05.01"]
[Round "5"]
[White "Hald, Jens Erik"]
[Black "Pedersen, Kim"]
[Result "0-1"]
[WhiteElo "2139"]
[BlackElo "2216"]
[PlyCount "72"]
[EventDate "1994.??.??"]

1. e4 e6 2. d3 d5 3. Nd2 Nc6 4. Ngf3 Nge7 5. g3 dxe4 6. dxe4 b6 7. Bg2 Ba6 8.
c4 Qd3 9. Qa4 Bb7 10. Ne5 Qd6 11. Nxc6 Qxc6 12. Qxc6+ Nxc6 13. O-O Nd4 14. Nb3
O-O-O 15. Bf4 Ne2+ 16. Kh1 Nxf4 17. gxf4 a5 18. Rfd1 Be7 19. Kg1 a4 20. Nd4 Rd7
21. Nb5 Rhd8 22. Rxd7 Rxd7 23. e5 Bxg2 24. Kxg2 Rd2 25. b3 Bc5 26. bxa4 Rxf2+
27. Kg3 Rc2 28. Rf1 g6 29. Rf3 Rxc4 30. Nc3 Bb4 31. Nb5 c6 32. Nd6+ Bxd6 33.
exd6 Rxa4 34. Rd3 Rxa2 35. h4 Kd7 36. Kg4 Ra5 0-1

[Event "6. Lovsprings EMT Mesterklassen 1994"]
[Site "Ringsted"]
[Date "1994.05.01"]
[Round "5"]
[White "Elgaard, Brian"]
[Black "Jorgensen, Brian"]
[Result "1/2-1/2"]
[WhiteElo "2167"]
[BlackElo "2193"]
[PlyCount "138"]
[EventDate "1994.??.??"]

1. e4 d6 2. d4 e5 3. c3 Nf6 4. Bd3 Nc6 5. Ne2 Be7 6. d5 Nb8 7. c4 O-O 8. Nbc3
Ne8 9. O-O g6 10. Be3 f5 11. f4 Nf6 12. Ng3 Ng4 13. Bd2 exf4 14. Bxf4 Bf6 15.
Be2 Bxc3 16. bxc3 Nxh2 17. Kxh2 Qh4+ 18. Kg1 g5 19. Nh5 gxf4 20. Rxf4 Qe7 21.
Bd3 Nd7 22. exf5 Qe3+ 23. Kh1 Ne5 24. Bc2 Kh8 25. Qe1 Qxe1+ 26. Rxe1 Bd7 27. f6
Be8 28. Ng7 Nd7 29. Re7 Rxf6 30. Rh4 Bg6 31. Bxg6 Rxg6 32. Ne6 Nf6 33. Rxc7
Rag8 34. Nf4 R6g7 35. Rxg7 Kxg7 36. Ne6+ Kf7 37. Rf4 b6 38. Nd4 Ke7 39. Nc6+
Kf7 40. Nxa7 Rg3 41. Nb5 Kg6 42. Nxd6 Re3 43. Rf1 Nd7 44. Rf3 Re2 45. a3 Ne5
46. Rf4 Rc2 47. Re4 Nd3 48. Rg4+ Kh5 49. Rg7 Nf2+ 50. Kg1 h6 51. Kf1 Ng4 52.
Ne4 Ne3+ 53. Kg1 Ng4 54. Ng3+ Kh4 55. Nf5+ Kh5 56. g3 Rxc3 57. d6 Rc2 58. Nd4
Rc1+ 59. Kg2 Ne3+ 60. Kf3 Nxc4 61. Nf5 Ne5+ 62. Ke4 Re1+ 63. Kd5 Ng6 64. Rxg6
Kxg6 65. Nd4 Kf6 66. Kc6 Rd1 67. Nb5 Rc1+ 68. Kxb6 Ke6 69. a4 Kd7 1/2-1/2

[Event "6. Lovsprings EMT Mesterklassen 1994"]
[Site "Ringsted"]
[Date "1994.05.01"]
[Round "5"]
[White "Jensen, Leif"]
[Black "Arnkilde, Anders"]
[Result "1/2-1/2"]
[WhiteElo "2047"]
[BlackElo "1955"]
[PlyCount "134"]
[EventDate "1994.??.??"]

1. e4 e5 2. Nc3 Bc5 3. Bc4 d6 4. d3 Nf6 5. Bg5 Be6 6. Bb3 O-O 7. Qd2 c6 8. Nge2
Bb4 9. O-O Bxb3 10. axb3 Nbd7 11. Ng3 Re8 12. Ra4 a5 13. Qe2 Nc5 14. Ra2 Ne6
15. Bxf6 Qxf6 16. Qg4 Nd4 17. Qd1 Ne6 18. Nce2 Bc5 19. Qd2 Bb4 20. Qe3 Bc5 21.
Qf3 Qxf3 22. gxf3 Bb6 23. Kg2 g6 24. Rfa1 Rad8 25. Nf1 Nf4+ 26. Nxf4 exf4 27.
Nd2 d5 28. Rg1 f6 29. Kf1 Kf7 30. Ke2 Re5 31. Rg4 h5 32. Rg2 g5 33. Ra1 Bc7 34.
Rag1 Rg8 35. h4 Bd8 36. d4 Re6 37. hxg5 fxg5 38. Kd3 Reg6 39. Ra1 g4 40. fxg4
Rxg4 41. Rh2 h4 42. b4 Rg2 43. Rxg2 Rxg2 44. Ke2 h3 45. exd5 h2 46. Nf3 Bh4 47.
Nxh2 Rxf2+ 48. Kd3 Rxh2 49. dxc6 bxc6 50. bxa5 Bg3 51. a6 Rh8 52. Ke4 Ke6 53.
c4 Kd6 54. b4 Re8+ 55. Kf3 Kc7 56. a7 Ra8 57. Ra4 Kb6 58. Ra1 Rxa7 59. Rxa7
Kxa7 60. d5 cxd5 61. cxd5 Kb6 62. Ke4 Kb5 63. Kf3 Kc4 64. d6 Kxb4 65. d7 Bh4
66. Kxf4 Kc5 67. Kg4 Bd8 1/2-1/2

[Event "6. Lovsprings EMT Mesterklassen 1994"]
[Site "Ringsted"]
[Date "1994.05.01"]
[Round "5"]
[White "Madsen, Hans Henrik"]
[Black "Carstensen, Jacob"]
[Result "1/2-1/2"]
[WhiteElo "2121"]
[BlackElo "2027"]
[PlyCount "44"]
[EventDate "1994.??.??"]

1. d4 e6 2. Nf3 Nf6 3. Bg5 c5 4. c3 d5 5. e3 cxd4 6. exd4 Be7 7. Nbd2 O-O 8.
Bd3 b6 9. h4 Ne8 10. Bxe7 Qxe7 11. Ng5 f5 12. Qe2 Nc6 13. Ndf3 Nf6 14. Bb5 Nd8
15. Ne5 Ne4 16. Nxh7 Kxh7 17. Qh5+ Kg8 18. Ng6 Qd6 19. Qh8+ Kf7 20. Qh5 Nf6 21.
Qg5 Ne4 22. Qh5 Nf6 1/2-1/2

[Event "6. Lovsprings EMT Mesterklassen 1994"]
[Site "Ringsted"]
[Date "1994.05.01"]
[Round "5"]
[White "Buhl, Poul"]
[Black "Christensen, Lars (1957)"]
[Result "1/2-1/2"]
[WhiteElo "2012"]
[BlackElo "2104"]
[PlyCount "117"]
[EventDate "1994.??.??"]

1. c4 Nf6 2. d4 c5 3. d5 b5 4. a4 bxc4 5. Nc3 e6 6. e4 Qa5 7. Bd2 Qb6 8. Bxc4
Bb7 9. Nge2 Nxe4 10. Nxe4 exd5 11. a5 Qc6 12. a6 Nxa6 13. Bxa6 Bxa6 14. N4g3
Bd6 15. O-O O-O 16. Re1 Rab8 17. Nf5 Rfe8 18. Nxd6 Bxe2 19. Rxe2 Rxe2 20. Qxe2
Qxd6 21. Rxa7 Rxb2 22. Ra8+ Rb8 23. Bf4 Rxa8 24. Bxd6 Ra1+ 25. Qf1 Rxf1+ 26.
Kxf1 c4 27. Ke2 d4 28. Be5 d3+ 29. Ke3 d2 30. Kxd2 f6 31. Bd6 Kf7 32. Kc3 Ke6
33. Bf8 Kf7 34. Bb4 d5 35. Kd4 Ke6 36. f3 g6 37. g4 h5 38. Bd2 hxg4 39. fxg4 g5
40. h3 Kd6 41. Bc3 Ke6 42. Ke3 Ke7 43. Kf3 Kf7 44. Kg3 Kg6 45. Kf3 Kf7 46. Bd4
Ke6 47. Ke3 Ke7 48. Bc3 Ke6 49. Bb2 Ke7 50. Kd4 Kd6 51. Bc1 Ke6 52. Bd2 Kd6 53.
Be1 Ke6 54. Bg3 f5 55. gxf5+ Kxf5 56. Kxd5 c3 57. Be1 c2 58. Bd2 g4 59. hxg4+
1/2-1/2

[Event "6. Lovsprings EMT Mesterklassen 1994"]
[Site "Ringsted"]
[Date "1994.05.01"]
[Round "5"]
[White "Rasmussen, Per Arnt"]
[Black "Lynge, Michael"]
[Result "1-0"]
[WhiteElo "1994"]
[BlackElo "2089"]
[PlyCount "76"]
[EventDate "1994.??.??"]

1. e4 e6 2. d4 d5 3. Nd2 Nf6 4. e5 Nfd7 5. c3 c5 6. f4 Nc6 7. Ndf3 Qb6 8. g3 f6
9. Bd3 cxd4 10. cxd4 Be7 11. Kf1 g5 12. exf6 Nxf6 13. fxg5 Ne4 14. Kg2 O-O 15.
Qb3 Nb4 16. Bb1 Qa6 17. Bf4 Bd7 18. Ne5 Ba4 19. Qe3 Rac8 20. Bxe4 dxe4 21. Qxe4
Bc2 22. Qe2 Bd3 23. Qh5 Rc2+ 24. Kh3 Bf5+ 25. Kh4 Nd5 26. Ngf3 Nxf4 27. gxf4
Qe2 28. Rag1 Qe3 29. Qh6 Qxf4+ 30. Kh5 Be4 31. Qxe6+ Kh8 32. Nh4 Bd8 33. Rg4
Qf2 34. Rxe4 Bxg5 35. Nhg6+ hxg6+ 36. Nxg6+ Kg7 37. Qe5+ Kh7 38. Qxg5 Rc6 1-0

[Event "6. Lovsprings EMT Mesterklassen 1994"]
[Site "Ringsted"]
[Date "1994.05.08"]
[Round "6"]
[White "Larsen, Soren Dyberg"]
[Black "Jensen, Leif"]
[Result "1/2-1/2"]
[WhiteElo "1912"]
[BlackElo "2047"]
[PlyCount "39"]
[EventDate "1994.??.??"]

1. e4 e6 2. Qe2 c5 3. Nc3 Nc6 4. Nf3 a6 5. a4 Nd4 6. Nxd4 cxd4 7. Nd1 e5 8. c4
Bb4 9. g3 d6 10. Bg2 Be6 11. O-O Qc8 12. b3 Ne7 13. Nb2 O-O 14. Nd3 a5 15. f4
f6 16. f5 Bf7 17. Kh1 Bc5 18. Bb2 Nc6 19. Bf3 g5 20. Bh5 1/2-1/2

[Event "6. Lovsprings EMT Mesterklassen 1994"]
[Site "Ringsted"]
[Date "1994.05.08"]
[Round "6"]
[White "Carstensen, Jacob"]
[Black "Arnkilde, Anders"]
[Result "0-1"]
[WhiteElo "2027"]
[BlackElo "1955"]
[PlyCount "80"]
[EventDate "1994.??.??"]

1. d4 Nf6 2. c4 d6 3. Nc3 Nbd7 4. Bg5 c6 5. Nf3 e5 6. e3 Be7 7. Qc2 O-O 8. Be2
Ne8 9. Bxe7 Qxe7 10. O-O f5 11. b4 e4 12. Nd2 Nef6 13. c5 d5 14. b5 Ng4 15.
bxc6 bxc6 16. Qa4 Rf6 17. Qb3 Rb8 18. Nxd5 cxd5 19. Qxd5+ Kh8 20. Bxg4 Bb7 21.
Qc4 fxg4 22. Rab1 Ba6 23. Qa4 Rbf8 24. Nc4 Qe6 25. Rbc1 Rh6 26. Rfe1 Bxc4 27.
Rxc4 Qf5 28. Rc2 Qh5 29. Qxd7 Qxh2+ 30. Kf1 Qh1+ 31. Ke2 Qxg2 32. Kd1 Rh1 33.
Rce2 Rxe1+ 34. Kxe1 Qg1+ 35. Kd2 Qb1 36. Qxa7 Qd3+ 37. Ke1 g3 38. fxg3 Qc3+ 39.
Kd1 Rf1+ 40. Re1 Rxe1# 0-1

[Event "6. Lovsprings EMT Mesterklassen 1994"]
[Site "Ringsted"]
[Date "1994.05.08"]
[Round "6"]
[White "Buhl, Poul"]
[Black "Madsen, Hans Henrik"]
[Result "1/2-1/2"]
[WhiteElo "2012"]
[BlackElo "2121"]
[PlyCount "126"]
[EventDate "1994.??.??"]

1. c4 Nf6 2. g3 c6 3. b3 d5 4. Bb2 dxc4 5. bxc4 Qb6 6. Qb3 Bf5 7. Nf3 e6 8. Bg2
Bc5 9. O-O Nbd7 10. d4 Qxb3 11. axb3 Bb4 12. Ba3 Bxa3 13. Rxa3 h6 14. Nc3 Ne4
15. Nxe4 Bxe4 16. Rfa1 a6 17. Nd2 Bxg2 18. Kxg2 e5 19. dxe5 Nxe5 20. Ra5 O-O-O
21. Rxe5 Rxd2 22. b4 Kd7 23. b5 f6 24. Rf5 axb5 25. cxb5 Ke6 26. Rf3 cxb5 27.
Rb3 Rd5 28. Rab1 Kd6 29. e4 Rc5 30. f4 Kc6 31. Kf3 Ra8 32. f5 Ra4 33. g4 Re5
34. Re3 b4 35. h4 Rc5 36. Kf4 Rc3 37. Rxb4 Rxe3 38. Rxa4 Rh3 39. Rc4+ Kd6 40.
Rb4 Kc7 41. Rc4+ Kb8 42. h5 Rh1 43. e5 Rf1+ 44. Kg3 fxe5 45. Re4 Rd1 46. Rxe5
Kc7 47. Re7+ Rd7 48. Re6 b5 49. f6 Rd3+ 50. Kf4 gxf6 51. Rxf6 Rd6 52. Rf5 b4
53. g5 b3 54. Re5 b2 55. Re1 Rb6 56. gxh6 b1=Q 57. Rxb1 Rxb1 58. h7 Rb8 59. Kf5
Kd7 60. Kf6 Rf8+ 61. Kg7 Ke8 62. h8=Q Rxh8 63. Kxh8 Kf7 1/2-1/2

[Event "6. Lovsprings EMT Mesterklassen 1994"]
[Site "Ringsted"]
[Date "1994.05.08"]
[Round "6"]
[White "Hald, Jens Erik"]
[Black "Rasmussen, Per Arnt"]
[Result "1-0"]
[WhiteElo "2139"]
[BlackElo "1994"]
[PlyCount "100"]
[EventDate "1994.??.??"]

1. d3 c5 2. Nf3 Nc6 3. g3 g6 4. Bg2 Bg7 5. c3 e5 6. O-O Nge7 7. e4 O-O 8. Re1
d6 9. Be3 h6 10. d4 b6 11. Na3 Bg4 12. Qd2 Kh7 13. d5 Nb8 14. h3 Bc8 15. g4 f5
16. exf5 gxf5 17. Nh4 f4 18. Qd3+ Kg8 19. Bd2 Bf6 20. Ng6 Ba6 21. c4 Rf7 22.
Nxe7+ Rxe7 23. Qg6+ Rg7 24. Qxh6 Qf8 25. Kf1 Bc8 26. Nb5 Na6 27. Be4 Bd7 28.
Rad1 Rc8 29. Ke2 Nc7 30. g5 Be7 31. Nxc7 Rxc7 32. Rg1 Qc8 33. f3 Bf8 34. Rg4
Bxg4 35. hxg4 Rh7 36. Bxh7+ Rxh7 37. Qg6+ Rg7 38. Qf6 Rf7 39. Qg6+ Rg7 40. Qf6
Rf7 41. Qe6 Qxe6 42. dxe6 Re7 43. Kd3 Rxe6 44. Ke4 Kg7 45. Kf5 Rg6 46. Re1 Kf7
47. Rh1 Kg7 48. Rh5 Be7 49. Be1 Bf8 50. Bh4 Kf7 1-0

[Event "6. Lovsprings EMT Mesterklassen 1994"]
[Site "Ringsted"]
[Date "1994.05.08"]
[Round "6"]
[White "Elgaard, Brian"]
[Black "Lynge, Michael"]
[Result "1/2-1/2"]
[WhiteElo "2167"]
[BlackElo "2089"]
[PlyCount "68"]
[EventDate "1994.??.??"]

1. e4 e6 2. d4 d5 3. Nc3 Nf6 4. e5 Nfd7 5. f4 c5 6. Nf3 Nc6 7. Be3 cxd4 8. Nxd4
Bc5 9. Qd2 O-O 10. O-O-O a6 11. h4 Bxd4 12. Bxd4 b5 13. Re1 b4 14. Nd1 a5 15.
Bb5 Bb7 16. Bxc6 Bxc6 17. Ne3 Qb8 18. h5 a4 19. Ng4 b3 20. cxb3 axb3 21. a3 Nb6
22. Bxb6 Qxb6 23. Kb1 Ra4 24. Rc1 Rfa8 25. h6 g6 26. Nf6+ Kh8 27. Rh3 Rc4 28.
Rhc3 Raa4 29. Qe3 d4 30. Rxb3 Rxc1+ 31. Kxc1 Qc7 32. Qg3 Bd5+ 33. Kb1 Bxb3 34.
Qxb3 Ra8 1/2-1/2

[Event "6. Lovsprings EMT Mesterklassen 1994"]
[Site "Ringsted"]
[Date "1994.05.08"]
[Round "6"]
[White "Jorgensen, Brian"]
[Black "Pedersen, Hans Dahl"]
[Result "1/2-1/2"]
[WhiteElo "2193"]
[BlackElo "2197"]
[PlyCount "148"]
[EventDate "1994.??.??"]

1. d4 d5 2. c4 c6 3. Nc3 Nf6 4. Bg5 e6 5. Bxf6 Qxf6 6. e3 Nd7 7. cxd5 exd5 8.
Bd3 Nb6 9. Nge2 Be6 10. O-O Bd6 11. Qc2 Qh6 12. Ng3 O-O 13. f4 Rae8 14. Rf3 Bg4
15. Nf5 Bxf5 16. Bxf5 g6 17. Rh3 Qg7 18. Rf1 Nc4 19. Qf2 Rxe3 20. Rxe3 Nxe3 21.
Qxe3 gxf5 22. Ne2 Qf6 23. Ng3 Qe6 24. Qd3 Re8 25. Nxf5 Bf8 26. Ng3 Qe3+ 27.
Qxe3 Rxe3 28. Rd1 Re8 29. Kf2 Bb4 30. Kf3 Ba5 31. Nf5 Bc7 32. g3 f6 33. Rd3 Kf7
34. Rb3 b6 35. Ra3 Bb8 36. Rc3 Rc8 37. Re3 Re8 38. Rc3 Rc8 39. Ne3 Ke6 40. Nc2
c5 41. Re3+ Kf7 42. Kg4 Bd6 43. Kf5 cxd4 44. Nxd4 Bc5 45. Rd3 Bxd4 46. Rxd4 Rc2
47. Rxd5 Ke7 48. Rb5 Rxh2 49. Rb3 Rh5+ 50. Ke4 Ra5 51. a3 f5+ 52. Kd4 Kd6 53.
Re3 Rd5+ 54. Kc4 Rc5+ 55. Kd4 Rd5+ 56. Kc4 Rc5+ 57. Kb4 Rc2 58. Kb3 Rc7 59. Re8
Rg7 60. Rd8+ Ke6 61. Rd3 h5 62. Kc4 a6 63. Re3+ Kd6 64. Rb3 Kc6 65. Re3 Rg6 66.
Re5 Rxg3 67. Rxf5 h4 68. Rf6+ Kd7 69. Kd5 Rd3+ 70. Ke5 Rb3 71. Rh6 Rxb2 72.
Rxh4 Rb5+ 73. Ke4 Rb3 74. Rh5 Rxa3 1/2-1/2

[Event "6. Lovsprings EMT Mesterklassen 1994"]
[Site "Ringsted"]
[Date "1994.05.08"]
[Round "6"]
[White "Pedersen, Kim"]
[Black "Nielsen, Max"]
[Result "1/2-1/2"]
[WhiteElo "2216"]
[BlackElo "2086"]
[PlyCount "34"]
[EventDate "1994.??.??"]

1. Nf3 Nf6 2. g3 g6 3. Bg2 Bg7 4. O-O O-O 5. d4 d6 6. b3 Nbd7 7. Bb2 e5 8. e3
Re8 9. c4 exd4 10. exd4 d5 11. Nc3 dxc4 12. bxc4 Nb6 13. Qb3 c6 14. Nd1 Be6 15.
Ne3 Nxc4 16. Nxc4 b5 17. Nfe5 bxc4 1/2-1/2

[Event "6. Lovsprings EMT Mesterklassen 1994"]
[Site "Ringsted"]
[Date "1994.05.22"]]
[Round "7"]
[White "Arnkilde, Anders"]
[Black "Hald, Jens Erik"]
[Result "1/2-1/2"]
[WhiteElo "1955"]
[BlackElo "2139"]
[PlyCount "115"]
[EventDate "1994.??.??"]

1. e4 c5 2. Nc3 Nc6 3. Nf3 g6 4. Bc4 Bg7 5. O-O e6 6. d3 Nge7 7. Re1 d6 8. a3
O-O 9. Rb1 a6 10. Ba2 b5 11. Bg5 Bb7 12. Qd2 Rc8 13. Bh6 Nd4 14. Nxd4 cxd4 15.
Bxg7 Kxg7 16. Ne2 Qb6 17. c3 dxc3 18. bxc3 d5 19. e5 Nf5 20. d4 Qd8 21. g3 Bc6
22. Bb3 h5 23. Bc2 Nh6 24. h4 Rc7 25. Nf4 Bd7 26. Qd3 Nf5 27. Qe2 Rxc3 28. Bxf5
exf5 29. Nxd5 Rc4 30. Nf6 Rxd4 31. Qe3 Be6 32. Qg5 Rh8 33. Kh2 Rd2 34. Rb2 Rd1
35. Rc2 Rd4 36. Rc6 Rd2 37. Kg1 Qd4 38. Qe3 Qxe3 39. Rxe3 Rd1+ 40. Kg2 Ra8 41.
Rc7 Rd4 42. Rb7 Rdd8 43. Rc3 Rab8 44. Ra7 Rbc8 45. Rxc8 Bxc8 46. Kf1 a5 47.
Rxa5 Bb7 48. Ke2 Bc6 49. Ra6 Bd5 50. Nxd5 Rxd5 51. f4 Rd4 52. Rd6 Re4+ 53. Kd2
Ra4 54. Rd3 b4 55. axb4 Rxb4 56. Rc3 Ra4 57. Kd3 Rb4 58. Rc4 1/2-1/2

[Event "6. Lovsprings EMT Mesterklassen 1994"]
[Site "Ringsted"]
[Date "1994.05.22"]]
[Round "7"]
[White "Buhl, Poul"]
[Black "Carstensen, Jacob"]
[Result "1/2-1/2"]
[WhiteElo "2012"]
[BlackElo "2027"]
[PlyCount "40"]
[EventDate "1994.??.??"]

1. d4 Nf6 2. Nf3 b6 3. Bf4 Bb7 4. Nbd2 e6 5. e3 c5 6. c3 Be7 7. h3 d5 8. Bb5+
Nbd7 9. Ne5 O-O 10. Nc6 Qe8 11. Nxe7+ Qxe7 12. O-O a6 13. Bd3 e5 14. dxe5 Nxe5
15. Bc2 Ne4 16. Bh2 f5 17. Qe2 Rae8 18. Rad1 Rf6 19. f4 Nf7 20. Nxe4 dxe4
1/2-1/2

[Event "6. Lovsprings EMT Mesterklassen 1994"]
[Site "Ringsted"]
[Date "1994.05.22"]]
[Round "7"]
[White "Nielsen, Max"]
[Black "Lynge, Michael"]
[Result "1-0"]
[WhiteElo "2086"]
[BlackElo "2089"]
[PlyCount "71"]
[EventDate "1994.??.??"]

1. e4 e6 2. d4 d5 3. Nc3 Nf6 4. e5 Nfd7 5. f4 c5 6. Nf3 Nc6 7. Be3 cxd4 8. Nxd4
Bc5 9. Qd2 a6 10. O-O-O Bxd4 11. Bxd4 O-O 12. h4 b5 13. h5 b4 14. Ne2 Qa5 15.
Kb1 Nc5 16. Qe3 Ne4 17. h6 g6 18. Rh3 Rb8 19. g4 Bd7 20. Bg2 Nc3+ 21. Nxc3 bxc3
22. Qxc3 Qb5 23. Bf1 Qb7 24. Bc5 Rfc8 25. Bd6 Na5 26. Qd4 Ra8 27. Rc3 Bb5 28.
Bxb5 Qxb5 29. Rxc8+ Rxc8 30. f5 Qe2 31. Rc1 Nc4 32. fxe6 Nd2+ 33. Ka1 Rxc2 34.
exf7+ Kxf7 35. Qa7+ Ke6 36. Qe7# 1-0

[Event "6. Lovsprings EMT Mesterklassen 1994"]
[Site "Ringsted"]
[Date "1994.05.22"]]
[Round "7"]
[White "Larsen, Soren Dyberg"]
[Black "Elgaard, Brian"]
[Result "0-1"]
[WhiteElo "1912"]
[BlackElo "2167"]
[PlyCount "78"]
[EventDate "1994.??.??"]

1. e4 c6 2. d4 d5 3. e5 Na6 4. Be3 g6 5. c3 Nc7 6. Bd3 Nh6 7. Ne2 Nf5 8. Ng3
Nxe3 9. fxe3 Be6 10. Nd2 Qd7 11. Qe2 h5 12. h3 O-O-O 13. Qf2 Bh6 14. O-O-O Rdf8
15. Rhf1 Kb8 16. Nf3 Qe8 17. Qd2 Bc8 18. Ne2 Rhg8 19. Rf2 f6 20. Rdf1 g5 21.
Ng3 g4 22. hxg4 hxg4 23. Nh4 Bg5 24. Nhf5 fxe5 25. dxe5 Qd8 26. Nh5 Ne6 27. Nd4
Rxf2 28. Qxf2 Nc5 29. Bc2 Qc7 30. Qg3 Rh8 31. Ng7 e6 32. b4 Qxg7 33. bxc5 Bd8
34. Kd2 Bc7 35. Rb1 Ka8 36. Ba4 Bxe5 37. Qe1 g3 38. Qc1 Rf8 39. Ke1 Qh7 0-1

[Event "6. Lovsprings EMT Mesterklassen 1994"]
[Site "Ringsted"]
[Date "1994.05.22"]]
[Round "7"]
[White "Pedersen, Hans Dahl"]
[Black "Pedersen, Kim"]
[Result "0-1"]
[WhiteElo "2197"]
[BlackElo "2216"]
[PlyCount "114"]
[EventDate "1994.??.??"]

1. c4 Nf6 2. g3 e6 3. Bg2 d5 4. Nf3 Be7 5. O-O O-O 6. Qc2 a5 7. b3 Nc6 8. Bb2
d4 9. d3 e5 10. Nbd2 h6 11. a3 Ra6 12. Rfe1 Bf5 13. h3 Nh7 14. Rad1 Ng5 15. Kh2
Qd7 16. Nxg5 hxg5 17. Ne4 Nd8 18. g4 Bh7 19. e3 f5 20. gxf5 Bxf5 21. Kg3 Rh6
22. Rh1 Ne6 23. b4 axb4 24. axb4 Qe8 25. c5 Qh5 26. Rd2 g4 27. Qd1 Qh4+ 28. Kh2
Bxe4 29. dxe4 Ng5 30. exd4 Nf3+ 31. Bxf3 Rxf3 32. Kg1 Rxh3 33. Rxh3 Qxh3 34. f3
Qh1+ 35. Kf2 Rh2+ 36. Kg3 Qxd1 37. Rxd1 Rxb2 38. Kxg4 Rxb4 39. dxe5 Kf7 40. Kf5
g6+ 41. Kf4 Ke6 42. c6 bxc6 43. Kg4 g5 44. Rh1 Kxe5 45. Rh7 Ke6 46. Rh6+ Kd7
47. Kf5 Rb8 48. Ke5 Rf8 49. Rh3 c5 50. Kd5 Rf4 51. Rg3 c6+ 52. Kc4 Rf8 53. Rh3
Rb8 54. Rh6 Rb4+ 55. Kc3 Ra4 56. Kd3 Ra3+ 57. Kc4 Rxf3 0-1

[Event "6. Lovsprings EMT Mesterklassen 1994"]
[Site "Ringsted"]
[Date "1994.05.22"]]
[Round "7"]
[White "Madsen, Hans Henrik"]
[Black "Christensen, Lars (1957)"]
[Result "1-0"]
[WhiteElo "2121"]
[BlackElo "2104"]
[PlyCount "103"]
[EventDate "1994.??.??"]

1. d4 c5 2. c3 e6 3. Nf3 Nf6 4. Bg5 Qb6 5. Qb3 Qxb3 6. axb3 Ne4 7. Bf4 Nc6 8.
e3 d5 9. Na3 cxd4 10. exd4 Bd6 11. Bxd6 Nxd6 12. Nb5 Ke7 13. Nxd6 Kxd6 14. b4
b6 15. b5 Nb8 16. Bd3 f6 17. O-O Bb7 18. Ra3 a5 19. bxa6 Nxa6 20. Rfa1 Nc7 21.
Kf1 e5 22. dxe5+ fxe5 23. Ng5 Rxa3 24. Rxa3 Rf8 25. Nxh7 Rh8 26. Bf5 Ba6+ 27.
Kg1 e4 28. g4 b5 29. Ng5 Ra8 30. h4 Ke5 31. h5 b4 32. cxb4 Nb5 33. Ra5 Nd6 34.
Bd7 Bb7 35. Rxa8 Bxa8 36. Ne6 d4 37. Nxg7 d3 38. h6 d2 39. Ba4 Bc6 40. Bd1 Nf7
41. Nf5 Bb5 42. h7 Nh8 43. Kg2 Be8 44. Ne3 Kd4 45. Kf1 Bb5+ 46. Be2 Ba4 47. Nd1
Bc2 48. b5 Kc5 49. g5 Bb1 50. Kg2 e3 51. Nxe3 Bxh7 52. b6 1-0

[Event "6. Lovsprings EMT Mesterklassen 1994"]
[Site "Ringsted"]
[Date "1994.05.22"]]
[Round "7"]
[White "Rasmussen, Per Arnt"]
[Black "Jorgensen, Brian"]
[Result "1-0"]
[WhiteElo "1994"]
[BlackElo "2193"]
[PlyCount "69"]
[EventDate "1994.??.??"]

1. e4 d6 2. d4 Nf6 3. Nc3 g6 4. f4 Bg7 5. Nf3 O-O 6. Bd3 Bg4 7. h3 Bxf3 8. Qxf3
Nc6 9. Be3 e5 10. dxe5 dxe5 11. f5 Nd4 12. Qf2 Qd6 13. O-O-O Nd7 14. g4 c6 15.
h4 Rfd8 16. h5 gxf5 17. exf5 Nc5 18. Ne4 Nxe4 19. Bxe4 f6 20. c3 Qe7 21. h6 Bf8
22. g5 Nb5 23. Rdg1 Qf7 24. g6 Qxa2 25. gxh7+ Kh8 26. Rg8+ Kxh7 27. Rg7+ Kh8
28. Bb1 Qd5 29. Rhg1 Bxg7 30. hxg7+ Kg8 31. Qh4 Qf3 32. Qh8+ Kf7 33. g8=Q+ Rxg8
34. Qh7+ Ke8 35. Rxg8# 1-0